[Event "FRA-ch Open A-D 2018"]
[Site "Nimes"]
[Date "2018.08.23"]
[Round "6"]
[White "Pupier, Terry"]
[Black "Bianchi, Guillaume"]
[Result "1/2-1/2"]
[WhiteElo "2068"]
[BlackElo "2064"]
[Annotator "NA RC"]
[PlyCount "132"]
[EventDate "2018.08.18"]
[EventType "tourn"]
[EventCountry "FRA"]
[SourceTitle "playchess.com"]
[Source "ChessBase"]
[SourceQuality "1"]
[TimeControl "40/5400+30:1800+30"]

1. e4 {[%emt 0:00:00]} c5 {[%emt 0:00:00]} 2. Nf3 {[%emt 0:00:00]} e6 {[%emt 0:00:09]} 3. d4 {[%emt 0:02:44]} cxd4 {[%emt 0:00:20]} 4. Nxd4 {[%emt 0:00:07]} Nc6 {[%emt 0:00:13]} 5. Nc3 {[%emt 0:02:04]} Qc7 {[%emt 0:00:52]} 6. Be2 {[%emt 0:03:15]} Nf6 {[%emt 0:01:33]} 7. O-O {[%emt 0:03:17]} Be7 {[%emt 0:00:30]} 8. Be3 {[%emt 0:00:30]} O-O {[%emt 0:00:30]} 9. Nb3 {[%emt 0:00:30]} d6 {[%emt 0:00:30]} 10. f4 {[%emt 0:00:30]} a6 {[%emt 0:00:30]} 11. Bf3 {[%emt 0:00:30]} Rb8 {[%emt 0:00:30]} 12. Qd2 {[%emt 0:00:30]} b5 {[%emt 0:00:30]} 13. Qf2 {[%emt 0:00:30]} Bb7 {[%emt 0:00:30]} 14. Rad1 {[%emt 0:00:30]} Rbc8 {[%emt 0:00:30]} 15. Rd2 {[%emt 0:00:30]} Rfe8 {[%emt 0:00:30]} 16. Rfd1 {[%emt 0:00:30]} Bf8 {[%emt 0:00:30]} 17. g4 {[%emt 0:00:30]} b4 {[%emt 0:00:30]} 18. Ne2 {[%emt 0:00:30]} e5 {[%emt 0:53:02]} 19. g5 {[%emt 0:59:30]} Nd7 {[%emt 0:03:21]} 20. f5 {[%emt 0:02:39]} a5 {[%emt 0:03:31]} 21. g6 {[%emt 0:06:39]} fxg6 {[%emt 0:03:17]} 22. fxg6 {[%emt 0:00:15]} h6 {[%emt 0:00:26]} 23. Bg4 {[%emt 0:00:51]} Nf6 {[%emt 0:01:24]} 24. Bxc8 {[%emt 0:00:59]} Qxc8 {[%emt 0:03:02]} 25. Ng3 {[%emt 0:01:00]} Qg4 {[%emt 0:06:22]} 26. Qf5 {[%emt 0:01:57]} a4 {[%emt 0:00:03]} 27. Nc1 {[%emt 0:00:27]} Qxf5 {[%emt 0:01:02]} 28. Nxf5 {[%emt 0:02:50]} Nxe4 {[%emt 0:00:44]} 29. Nxd6 {[%emt 0:00:58]} Bxd6 {[%emt 0:03:06]} 30. Rxd6 {[%emt 0:00:08]} Nxd6 {[%emt 0:00:05]} 31. Rxd6 {[%emt 0:00:04]} Rd8 {[%emt 0:04:15]} 32. Rxd8+ {[%emt 0:02:32]} Nxd8 {[%emt 0:00:01]} 33. Nd3 {[%emt 0:00:32]} Nc6 {[%emt 0:02:24]} 34. Nc5 {[%emt 0:02:42]} Bc8 {[%emt 0:00:05]} 35. Nxa4 {[%emt 0:00:23]} Bf5 {[%emt 0:00:30]} 36. c3 {[%emt 0:01:05]} Bxg6 {[%emt 0:02:36]} 37. cxb4 {[%emt 0:00:38]} Nxb4 {[%emt 0:00:06]} 38. a3 {[%emt 0:00:09]} Nc2 {[%emt 0:02:16]} 39. Kf2 {[%emt 0:02:00]} Kf7 {[%emt 0:01:39]} 40. Bc5 {[%emt 0:02:11]} Bd3 {[%emt 0:02:04]} 41. Nc3 {[%emt 0:32:14]} g5 {[%emt 0:07:18]} 42. a4 {[%emt 0:00:00]} Ke6 {[%emt 0:01:31]} 43. b4 {[%emt 0:00:00]} Kd7 {[%emt 0:02:27]} 44. b5 {[%emt 0:00:00]} Bc4 {[%emt 0:04:06]} 45. Kf3 {[%emt 0:00:00]} h5 {[%emt 0:04:35]} 46. Ke4 {[%emt 0:00:00]} Ke6 {[%emt 0:02:57]} 47. a5 {[%emt 0:00:00]} Bf1 {[%emt 0:01:16]} 48. a6 {[%emt 0:00:00]} g4 {[%emt 0:02:08]} 49. Bf2 {[%emt 0:00:00]} Nb4 {[%emt 0:03:06]} 50. a7 {[%emt 0:00:00]} Bg2+ {[%emt 0:01:58]} 51. Ke3 {[%emt 0:00:00]} Nd5+ {[%emt 0:00:52]} 52. Nxd5 {[%emt 0:01:39]} Bxd5 {[%emt 0:00:07]} 53. Bg3 {[%emt 0:01:06]} Bb7 {[%emt 0:00:27]} 54. Kd3 {[%emt 0:00:37]} Kd5 {[%emt 0:00:17]} 55. Bf2 {[%emt 0:00:39]} Ba8 {[%emt 0:02:34]} 56. b6 {[%emt 0:03:26]} Bb7 {[%emt 0:01:33]} 57. Bg3 {[%emt 0:00:26]} Kc5 {[%emt 0:00:42]} 58. Bf2+ {[%emt 0:00:05]} Kd5 {[%emt 0:00:10]} 59. Bh4 {[%emt 0:00:22]} Kc5 {[%emt 0:00:28]} 60. Bd8 {[%emt 0:00:22]} h4 {[%emt 0:01:34]} 61. Bxh4 {[%emt 0:00:15]} Kxb6 {[%emt 0:00:04]} 62. Bf2+ {[%emt 0:00:04]} Ka6 {[%emt 0:01:19]} 63. Kc4 {[%emt 0:00:18]} Bg2 {[%emt 0:00:20]} 64. Bc5 {[%emt 0:00:34]} Kb7 {[%emt 0:00:25]} 65. Kd3 {[%emt 0:00:17]} Ka8 {[%emt 0:01:01]} 66. Ke3 {[%emt 0:00:05]} Kb7 {[%emt 0:00:21] Kd4} 1/2-1/2

[Event "FRA-ch Open A-D 2018"]
[Site "Nimes"]
[Date "2018.08.23"]
[Round "6"]
[White "Anes, Emmanuel"]
[Black "Giacomini, Hector"]
[Result "1-0"]
[WhiteElo "2029"]
[BlackElo "2196"]
[Annotator "TA"]
[PlyCount "129"]
[EventDate "2018.08.18"]
[EventType "tourn"]
[EventCountry "FRA"]
[SourceTitle "playchess.com"]
[Source "ChessBase"]
[SourceQuality "1"]

{[%evp 34,129,7,13,24,16,22,24,31,12,22,-33,0,0,41,0,0,0,16,0,0,-9,23,0,0,0,0,-14,-17,-37,-23,-40,-36,-37,0,0,0,-10,-10,-9,0,-10,0,0,0,-105,-28,-27,-27,-27,0,-60,-75,-81,-60,-56,-56,-177,-172,-154,-114,-155,-30,-100,-115,-263,-250,-236,-216,-215,-194,-160,0,0,0,-67,0,0,429,0,821,728,1322,1073,1326,1181,1722,1591,7130,5957,5085,5052,29986,29987,29989,29990,29988,29989]} 1. e4 c6 2. d4 d5 3. Nc3 dxe4 4. Nxe4 Bf5 5. Ng3 Bg6 6. Nf3 Nd7 7. h4 h6 8. h5 Bh7 9. Bd3 Bxd3 10. Qxd3 e6 11. Bd2 Ngf6 12. O-O-O Be7 13. Ne4 Nxe4 14. Qxe4 Nf6 15. Qe2 Qd5 16. c4 Qe4 17. Qxe4 {B19: Caro-Kann (Hauptvariante)} Nxe4 18. Be1 {LiveBook: 9 Partien} O-O 19. Ne5 {Weiß hat minimalen Vorteil.} Rac8 20. f3 Nf6 {[#]} 21. Bh4 $146 ({Vorgänger:} 21. Bf2 c5 22. Kb1 {1-0 (54) Yu,Y (2675)-Vitiugov,N (2742) Dubai 2014}) 21... b5 22. b3 (22. Kb1 $11) 22... Rfd8 23. g4 Kf8 24. g5 hxg5 25. Bxg5 {Schwarz muss nun h6 beachten.} Nd7 26. Bf4 Nxe5 27. Bxe5 Bg5+ 28. Kc2 f6 29. Bh2 Kf7 30. f4 Bh6 $1 31. Rhe1 Rd7 32. Rd3 Rcd8 33. Red1 g6 34. hxg6+ Kxg6 35. Rg1+ Kf7 36. Rh3 Rh8 $36 {[%mdl 2048] Schwarz hat gut koordiniertes Spiel.} 37. Kc3 b4+ 38. Kc2 Rxd4 39. Rg4 (39. Rh1 $11 {hält das Gleichgewicht.} Rd6 40. Rh4 (40. Bg1 Rhd8 $11)) 39... Bg7 (39... f5 $17 40. Rg2 Bg7 41. Rxh8 Bxh8) 40. Rxh8 $11 Bxh8 {[%mdl 4096] Endspiel KTL-KTL} 41. Bg1 Re4 42. Kd3 (42. Rh4 $11 Bg7 43. Kd3) 42... f5 $15 {Und ...Ld4 würde nun gewinnen.} 43. Rh4 Bf6 44. Rh7+ Bg7 45. Bxa7 (45. Be3 $15) 45... Rxf4 $19 46. Bc5 Kg6 47. Rh3 Bc3 (47... e5 $17 {Und weiter mit ...Tg4 wäre nett.} 48. Bxb4 e4+ 49. Ke3 Rf1) 48. a4 (48. a3 $11) 48... Rf1 $1 $17 {[%cal Rf1b1] Droht ...Tb1 und aus.} 49. a5 (49. Rg3+ $17 Kf6 50. Rg1 Rf3+ 51. Ke2) 49... Ra1 $19 50. Bb6 e5 51. Rg3+ Kf7 52. Rh3 Bd4 $2 ({Besser ist} 52... Ra3 $17 53. c5 Kg6 54. Rg3+ Kh5) 53. Rh7+ Kg6 54. Rc7 {[#]} ({Weiss braucht} 54. Bxd4 $11 exd4 55. Rc7) 54... Bc3 (54... c5 $1 $15 {[%mdl 512]} 55. Bxc5 Bxc5 56. Rxc5 e4+ 57. Ke3 Rb1) 55. Rxc6+ $11 Kh5 $2 {[%mdl 8192]} (55... Kf7 $1 $11) 56. Rc8 $2 (56. c5 $18) 56... Kg4 $2 {[%mdl 8192] [#]} (56... e4+ $11 57. Ke3 Re1+ 58. Kf4 Rf1+ 59. Ke3 Re1+ 60. Kf2 Ra1) 57. c5 $1 $18 Kf3 58. c6 e4+ 59. Kc4 e3 60. Re8 f4 61. c7 Rc1 62. c8=Q Bd2+ 63. Kd3 {Weiß setzt Matt.} Rc3+ 64. Qxc3 $1 bxc3 65. a6 {Precision: Weiß = 37%, Schwarz = 34%.} 1-0

[Event "FRA-ch Open A-D 2018"]
[Site "Nimes"]
[Date "2018.08.23"]
[Round "6"]
[White "Ben Hamed, Cherif"]
[Black "Brouard, Gregoire"]
[Result "0-1"]
[WhiteElo "1935"]
[BlackElo "1898"]
[Annotator "NA RC"]
[PlyCount "80"]
[EventDate "2018.08.18"]
[EventType "tourn"]
[EventCountry "FRA"]
[SourceTitle "playchess.com"]
[Source "ChessBase"]
[SourceQuality "1"]
[TimeControl "40/5400+30:1800+30"]

1. d4 {[%emt 0:00:00]} Nf6 {[%emt 0:00:00]} 2. c4 {[%emt 0:00:00]} g6 {[%emt 0:00:00]} 3. Nc3 {[%emt 0:00:00]} Bg7 4. e4 {[%emt 0:00:17]} d6 {[%emt 0:00:01]} 5. f3 {[%emt 0:00:09]} O-O {[%emt 0:00:06]} 6. Bg5 {[%emt 0:00:25]} c5 {[%emt 0:01:38]} 7. d5 {[%emt 0:01:05]} a6 {[%emt 0:04:28]} 8. a4 {[%emt 0:07:08]} h6 {[%emt 0:05:35]} 9. Be3 {[%emt 0:01:40]} e6 {[%emt 0:06:03]} 10. Nge2 {[%emt 0:04:51]} exd5 {[%emt 0:00:55]} 11. cxd5 {[%emt 0:00:03]} Nbd7 {[%emt 0:02:18]} 12. Qd2 {[%emt 0:05:29]} Kh7 {[%emt 0:00:49]} 13. Nc1 {[%emt 0:02:46]} Rb8 {[%emt 0:03:25]} 14. Be2 {[%emt 0:01:16]} Ne5 {[%emt 0:04:28]} 15. O-O $11 {[%emt 0:03:01]} Qe8 {[%emt 0:09:03]} 16. h3 {[%emt 0:06:04]} b5 {[%emt 0:13:48]} 17. axb5 {[%emt 0:08:50]} axb5 {[%emt 0:00:09]} 18. b3 {[%emt 0:00:30]} b4 {[%emt 0:13:24]} 19. Nd1 {[%emt 0:06:29]} Nh5 {[%emt 0:02:50]} 20. Ra7 {[%emt 0:05:26]} Ng3 {[%emt 0:02:08]} 21. Re1 {[%emt 0:00:34]} Nxe2+ {[%emt 0:02:36]} 22. Qxe2 {[%emt 0:05:45]} Qd8 {[%emt 0:05:39]} 23. Nd3 {[%emt 0:02:11]} Nxd3 {[%emt 0:01:17]} 24. Qxd3 {[%emt 0:00:16]} Bd7 {[%emt 0:00:43]} 25. Qc2 {[%emt 0:09:02]} Bb5 {[%emt 0:01:26]} 26. Nb2 {[%emt 0:01:33]} Ra8 {[%emt 0:03:20]} 27. Rea1 {[%emt 0:02:31]} Rxa7 28. Rxa7 {[%emt 0:00:04]} Qb8 {[%emt 0:01:10]} 29. Ra2 {[%emt 0:01:40]} f5 {[%emt 0:04:22]} 30. Nc4 {[%emt 0:02:50]} fxe4 {[%emt 0:01:36]} 31. fxe4 {[%emt 0:03:03]} Qc7 {[%emt 0:05:46]} 32. Qd3 {[%emt 0:03:41]} Qe7 {[%emt 0:01:06]} 33. Re2 {[%emt 0:02:35]} Ra8 {[%emt 0:02:19]} 34. Bf4 {[%emt 0:02:25]} Qf6 {[%emt 0:01:39]} 35. Bg3 {[%emt 0:03:34]} Ra1+ {[%emt 0:01:51]} 36. Re1 {[%emt 0:01:24]} Rxe1+ {[%emt 0:00:17]} 37. Bxe1 {[%emt 0:00:02]} Qd4+ {[%emt 0:00:13]} 38. Qxd4 {[%emt 0:00:26]} Bxd4+ {[%emt 0:00:04]} 39. Kf1 {[%emt 0:00:02]} Bxc4+ {[%emt 0:00:13]} 40. bxc4 {[%emt 0:00:23]} b3 {[%emt 0:00:13]} 0-1

[Event "FRA-ch Open A-D 2018"]
[Site "Nimes"]
[Date "2018.08.23"]
[Round "6"]
[White "Rihouey, Franck"]
[Black "Sabatier, Mathis"]
[Result "0-1"]
[WhiteElo "1851"]
[BlackElo "1904"]
[Annotator "NA RC"]
[PlyCount "134"]
[EventDate "2018.08.18"]
[EventType "tourn"]
[EventCountry "FRA"]
[SourceTitle "playchess.com"]
[Source "ChessBase"]
[SourceQuality "1"]
[TimeControl "40/5400+30:1800+30"]

1. d4 {[%emt 0:00:00]} d5 {[%emt 0:00:00]} 2. Bf4 {[%emt 0:00:00]} Nf6 {[%emt 0:00:00]} 3. e3 {[%emt 0:00:19]} c5 {[%emt 0:00:06]} 4. Nf3 {[%emt 0:00:38]} Nc6 {[%emt 0:00:56]} 5. c3 {[%emt 0:02:48]} Qb6 {[%emt 0:00:56]} 6. Qb3 {[%emt 0:01:10]} c4 {[%emt 0:00:24]} 7. Qxb6 {[%emt 0:09:30]} axb6 {[%emt 0:00:07]} 8. Be2 {[%emt 0:02:25]} Bf5 {[%emt 0:02:25]} 9. Nbd2 {[%emt 0:00:58]} h6 {[%emt 0:02:21]} 10. O-O {[%emt 0:05:06]} b5 {[%emt 0:03:34]} 11. a3 {[%emt 0:04:27]} e6 {[%emt 0:03:22]} 12. Ne5 {[%emt 0:14:59]} Nxe5 {[%emt 0:06:02]} 13. Bxe5 {[%emt 0:00:26]} Nd7 {[%emt 0:01:50]} 14. Bg3 {[%emt 0:01:46]} Nb6 {[%emt 0:01:25]} 15. Rfc1 {[%emt 0:09:38]} Na4 {[%emt 0:04:10]} 16. b4 {[%emt 0:06:01]} Kd7 {[%emt 0:05:04]} 17. f3 {[%emt 0:02:21]} Bd6 {[%emt 0:04:01]} 18. Bxd6 {[%emt 0:00:56]} Kxd6 {[%emt 0:00:15]} 19. e4 {[%emt 0:00:18]} Bh7 {[%emt 0:00:57]} 20. e5+ {[%emt 0:00:47]} Ke7 {[%emt 0:01:08]} 21. Bd1 {[%emt 0:01:57]} Ra6 {[%emt 0:04:14]} 22. Kf2 {[%emt 0:00:56]} Nb2 {[%emt 0:06:25]} 23. Bc2 {[%emt 0:06:10]} Nd3+ {[%emt 0:01:34]} 24. Bxd3 {[%emt 0:00:01]} Bxd3 {[%emt 0:00:08]} 25. Ra2 {[%emt 0:01:48]} Rha8 {[%emt 0:01:34]} 26. Rca1 {[%emt 0:00:03]} f6 {[%emt 0:01:29]} 27. f4 {[%emt 0:00:47]} Kf7 {[%emt 0:07:16]} 28. Nf3 {[%emt 0:01:12]} Kg6 {[%emt 0:03:20]} 29. Ke3 {[%emt 0:05:28]} Be4 {[%emt 0:05:38]} 30. Nd2 {[%emt 0:01:10]} Bd3 {[%emt 0:12:46]} 31. Nf3 {[%emt 0:00:20]} Ra4 {[%emt 0:00:21]} 32. g3 {[%emt 0:03:34]} Rf8 {[%emt 0:04:07]} 33. Ne1 {[%emt 0:01:47]} Be4 {[%emt 0:00:33]} 34. Rf2 {[%emt 0:00:41]} fxe5 {[%emt 0:05:21]} 35. dxe5 {[%emt 0:00:57]} Rfa8 {[%emt 0:00:44]} 36. Rfa2 {[%emt 0:00:23]} Kf5 {[%emt 0:01:30]} 37. Kd4 {[%emt 0:01:38]} Rc8 {[%emt 0:01:06]} 38. Ke3 {[%emt 0:04:35]} Rca8 {[%emt 0:00:06]} 39. Kd4 {[%emt 0:00:14]} b6 {[%emt 0:00:05]} 40. Ke3 {[%emt 0:00:56]} g5 {[%emt 0:02:36]} 41. fxg5 {[%emt 0:31:01]} hxg5 {[%emt 0:30:56]} 42. Kd4 {[%emt 0:03:43]} g4 {[%emt 0:05:58]} 43. Rf2+ {[%emt 0:02:41]} Kg5 {[%emt 0:00:06]} 44. Rfa2 {[%emt 0:03:57]} Rf8 {[%emt 0:00:00]} 45. Ng2 {[%emt 0:00:00]} Bxg2 {[%emt 0:00:00]} 46. Rxg2 {[%emt 0:00:00]} Rf3 {[%emt 0:00:00]} 47. Rd2 {[%emt 0:00:00]} Ra8 {[%emt 0:00:00]} 48. Raa2 {[%emt 0:00:00]} Rf1 {[%emt 0:00:00]} 49. Rf2 {[%emt 0:00:00]} Rd1+ {[%emt 0:00:00]} 50. Rad2 {[%emt 0:00:00]} Rxd2+ {[%emt 0:00:00]} 51. Rxd2 {[%emt 0:00:00]} Rxa3 {[%emt 0:00:00]} 52. Rf2 {[%emt 0:00:00]} Ra1 {[%emt 0:00:00]} 53. Rf8 {[%emt 0:00:00]} Rd1+ {[%emt 0:00:00]} 54. Ke3 {[%emt 0:00:00]} Rd3+ {[%emt 0:00:00]} 55. Ke2 {[%emt 0:00:00]} Rxc3 {[%emt 0:00:00]} 56. Rf6 {[%emt 0:00:00]} d4 {[%emt 0:00:00]} 57. Rxe6 {[%emt 0:00:00]} Kf5 {[%emt 0:00:00]} 58. Rxb6 {[%emt 0:00:00]} Re3+ {[%emt 0:00:00]} 59. Kd2 {[%emt 0:00:00]} Rxe5 {[%emt 0:00:00]} 60. Rc6 {[%emt 0:00:00]} Ke4 {[%emt 0:00:00]} 61. Rg6 {[%emt 0:00:00]} Kf3 {[%emt 0:00:00]} 62. Rf6+ {[%emt 0:00:00]} Kg2 {[%emt 0:00:00]} 63. Rf4 {[%emt 0:00:00]} Kxh2 {[%emt 0:00:00]} 64. Rxg4 {[%emt 0:00:11]} d3 {[%emt 0:00:00]} 65. Rg8 {[%emt 0:01:32]} Re2+ {[%emt 0:00:20]} 66. Kd1 {[%emt 0:03:46]} c3 {[%emt 0:01:43]} 67. Rd8 {[%emt 0:00:55]} c2+ {[%emt 0:00:17] Kxe2} 0-1

[Event "FRA-ch Open A-D 2018"]
[Site "Nimes"]
[Date "2018.08.23"]
[Round "6"]
[White "Dimey, Cyrille"]
[Black "Cassam-Chenai, Eric"]
[Result "1-0"]
[WhiteElo "1807"]
[BlackElo "1914"]
[Annotator "NA RC"]
[PlyCount "176"]
[EventDate "2018.08.18"]
[EventType "tourn"]
[EventCountry "FRA"]
[SourceTitle "playchess.com"]
[Source "ChessBase"]
[SourceQuality "1"]
[TimeControl "40/5400+30:1800+30"]

1. d4 {[%emt 0:00:00]} Nf6 {[%emt 0:00:00]} 2. c4 {[%emt 0:00:00]} e6 {[%emt 0:00:00]} 3. Nc3 {[%emt 0:00:00]} Bb4 {[%emt 0:00:00]} 4. e3 {[%emt 0:00:00]} b6 {[%emt 0:00:06]} 5. Nge2 {[%emt 0:00:09]} Ba6 {[%emt 0:00:26]} 6. Ng3 {[%emt 0:00:18]} d5 {[%emt 0:01:25]} 7. Qa4+ {[%emt 0:02:55]} Nc6 {[%emt 0:05:21]} 8. Qxc6+ {[%emt 0:02:46]} Kf8 {[%emt 0:00:06]} 9. Qa4 {[%emt 0:01:34]} Bxc3+ {[%emt 0:00:25]} 10. bxc3 {[%emt 0:01:22]} Bb7 {[%emt 0:00:08]} 11. Ba3+ {[%emt 0:08:25]} Kg8 {[%emt 0:00:55]} 12. c5 {[%emt 0:04:53]} c6 {[%emt 0:03:19]} 13. Bd3 {[%emt 0:06:12]} h5 {[%emt 0:01:06]} 14. h3 {[%emt 0:05:19]} h4 {[%emt 0:02:41]} 15. Nf1 {[%emt 0:01:31]} Nd7 {[%emt 0:00:52]} 16. Nd2 {[%emt 0:06:59]} e5 {[%emt 0:05:41]} 17. Qc2 {[%emt 0:15:26]} e4 {[%emt 0:01:20]} 18. Be2 {[%emt 0:01:10]} Qg5 $18 {[%emt 0:01:54]} 19. Rg1 {[%emt 0:03:50]} f5 {[%emt 0:14:07]} 20. O-O-O {[%emt 0:05:51]} b5 {[%emt 0:03:26]} 21. g3 {[%emt 0:02:14]} Qh6 {[%emt 0:04:19]} 22. g4 {[%emt 0:04:56]} fxg4 {[%emt 0:01:23]} 23. Rxg4 {[%emt 0:00:35]} Nf6 {[%emt 0:00:27]} 24. Rgg1 {[%emt 0:03:08]} Bc8 {[%emt 0:00:19]} 25. Rh1 {[%emt 0:01:43]} Kf7 {[%emt 0:01:39]} 26. Rdg1 {[%emt 0:00:50]} g6 {[%emt 0:01:10]} 27. Qd1 {[%emt 0:01:57]} Bf5 {[%emt 0:00:38]} 28. Kb1 {[%emt 0:03:08]} a5 {[%emt 0:00:21]} 29. Bc1 {[%emt 0:04:54]} a4 {[%emt 0:00:28]} 30. Ba3 {[%emt 0:00:58]} Rhe8 {[%emt 0:01:42]} 31. Qf1 {[%emt 0:01:30]} Reb8 {[%emt 0:01:12]} 32. Bb4 {[%emt 0:00:15]} Re8 {[%emt 0:01:26]} 33. Qg2 {[%emt 0:00:18]} Rh8 {[%emt 0:00:38]} 34. Qg5 {[%emt 0:00:51]} Qxg5 {[%emt 0:02:32]} 35. Rxg5 {[%emt 0:00:16]} Nh7 {[%emt 0:00:26]} 36. Rg2 {[%emt 0:00:53]} Nf6 {[%emt 0:00:16]} 37. Kb2 {[%emt 0:00:27]} Ke6 {[%emt 0:00:22]} 38. Bd1 {[%emt 0:02:04]} Kd7 {[%emt 0:00:24]} 39. Bc2 {[%emt 0:01:15]} Kc7 {[%emt 0:00:14]} 40. Kb1 {[%emt 0:02:17]} Kb7 {[%emt 0:00:09]} 41. Ba3 {[%emt 0:30:26]} Ka6 {[%emt 0:30:19]} 42. Bc1 {[%emt 0:01:17]} Rae8 {[%emt 0:00:28]} 43. Kb2 {[%emt 0:04:57]} Re6 {[%emt 0:01:08]} 44. Rhh2 {[%emt 0:00:00]} Rh6 {[%emt 0:00:00]} 45. Rg1 {[%emt 0:00:00]} Ka5 {[%emt 0:00:00]} 46. a3 {[%emt 0:00:00]} Ka6 {[%emt 0:00:00]} 47. f3 {[%emt 0:00:00]} Kb7 {[%emt 0:00:00]} 48. fxe4 {[%emt 0:00:00]} dxe4 {[%emt 0:00:00]} 49. c4 {[%emt 0:00:00]} Ka6 {[%emt 0:00:00]} 50. Kc3 {[%emt 0:00:00]} Re8 {[%emt 0:00:00]} 51. Bd1 {[%emt 0:00:00]} Rc8 {[%emt 0:00:00]} 52. Be2 {[%emt 0:00:00]} Ka5 {[%emt 0:00:00]} 53. Bf1 {[%emt 0:00:00]} Rh7 {[%emt 0:00:00]} 54. Rf2 {[%emt 0:00:00]} Nh5 {[%emt 0:00:00]} 55. Bg2 {[%emt 0:00:00]} Ng3 {[%emt 0:00:00]} 56. Nf1 {[%emt 0:00:00]} Nh5 {[%emt 0:00:00]} 57. Rb2 {[%emt 0:00:00]} Rd7 {[%emt 0:00:00]} 58. Bd2 {[%emt 0:00:00]} Rh7 {[%emt 0:00:00]} 59. Kc2+ {[%emt 0:00:30]} Ka6 {[%emt 0:00:00]} 60. cxb5+ {[%emt 0:00:18]} cxb5 {[%emt 0:00:00]} 61. Be1 {[%emt 0:01:04]} Nf6 {[%emt 0:00:00]} 62. Bb4 {[%emt 0:01:39]} Nd5 {[%emt 0:00:00]} 63. Kd1 {[%emt 0:00:56]} Rd7 {[%emt 0:00:00]} 64. Ke2 {[%emt 0:00:14]} Rc6 {[%emt 0:00:00]} 65. Nd2 {[%emt 0:00:11]} Nf6 {[%emt 0:00:00]} 66. Rbb1 {[%emt 0:00:56]} Re7 {[%emt 0:00:00]} 67. Rbf1 {[%emt 0:00:25]} Nd5 {[%emt 0:00:00]} 68. Nb1 {[%emt 0:00:53]} Nf6 {[%emt 0:00:00]} 69. Nc3 {[%emt 0:00:26]} Rd7 {[%emt 0:00:00]} 70. Rf4 {[%emt 0:00:42]} Nh5 {[%emt 0:00:00]} 71. Rxh4 {[%emt 0:01:52]} Rh7 {[%emt 0:00:00]} 72. Kd2 {[%emt 0:00:46]} g5 {[%emt 0:00:00]} 73. Rxh5 {[%emt 0:00:51]} Rxh5 {[%emt 0:00:00]} 74. Bxe4 {[%emt 0:00:17]} Rf6 {[%emt 0:00:00]} 75. Nd5 {[%emt 0:01:14]} Rf7 {[%emt 0:00:00]} 76. Bxf5 {[%emt 0:00:28]} Rxf5 {[%emt 0:00:00]} 77. Nc7+ {[%emt 0:00:19]} Kb7 {[%emt 0:00:00]} 78. Nxb5 {[%emt 0:00:03]} Rf2+ {[%emt 0:00:00]} 79. Kd3 {[%emt 0:00:12]} Rf3 {[%emt 0:00:00]} 80. Nd6+ {[%emt 0:00:33]} Kc6 {[%emt 0:00:00]} 81. Ne4 {[%emt 0:03:31]} Rhxh3 {[%emt 0:00:00]} 82. Nxg5 {[%emt 0:00:14]} Rxe3+ {[%emt 0:00:00]} 83. Kc4 {[%emt 0:00:02]} Rh4 {[%emt 0:00:00]} 84. Nf7 {[%emt 0:01:00]} Rf4 {[%emt 0:01:51]} 85. Rg6+ {[%emt 0:00:36]} Kb7 {[%emt 0:02:47]} 86. Nd8+ {[%emt 0:00:47]} Kc8 {[%emt 0:00:37]} 87. Rd6 {[%emt 0:00:12]} Rf8 {[%emt 0:01:32]} 88. Nc6 {[%emt 0:00:19]} Rh8 1-0

[Event "FRA-ch Open A-D 2018"]
[Site "Nimes"]
[Date "2018.08.23"]
[Round "6"]
[White "Famel, Edouard"]
[Black "Lancelot, Renaud"]
[Result "0-1"]
[WhiteElo "1762"]
[BlackElo "1882"]
[Annotator "NA RC"]
[PlyCount "114"]
[EventDate "2018.08.18"]
[EventType "tourn"]
[EventCountry "FRA"]
[SourceTitle "playchess.com"]
[Source "ChessBase"]
[SourceQuality "1"]
[TimeControl "40/5400+30:1800+30"]

1. e4 {[%emt 0:10:36]} e6 {[%emt 0:00:00]} 2. d4 {[%emt 0:00:02]} d5 {[%emt 0:00:00]} 3. e5 {[%emt 0:00:04]} c5 {[%emt 0:00:35]} 4. Nf3 {[%emt 0:00:03]} Nc6 {[%emt 0:01:25]} 5. Bd3 {[%emt 0:00:04]} cxd4 {[%emt 0:02:21]} 6. O-O {[%emt 0:00:08]} Qc7 {[%emt 0:05:26]} 7. Re1 {[%emt 0:01:57]} Nge7 {[%emt 0:02:14]} 8. Bf4 {[%emt 0:00:06]} Ng6 {[%emt 0:07:25]} 9. Bg3 {[%emt 0:00:04]} Bd7 {[%emt 0:05:41]} 10. Nbd2 {[%emt 0:00:28]} Bb4 {[%emt 0:03:36]} 11. a3 {[%emt 0:02:29]} Ba5 {[%emt 0:05:49]} 12. b4 {[%emt 0:05:12]} Bb6 {[%emt 0:02:18]} 13. Nb3 {[%emt 0:01:15]} a6 {[%emt 0:05:14]} 14. Qd2 {[%emt 0:01:49]} Rc8 $11 {[%emt 0:02:24]} 15. a4 {[%emt 0:04:46]} a5 {[%emt 0:06:21]} 16. bxa5 {[%emt 0:15:31]} Nxa5 {[%emt 0:03:56]} 17. Nfxd4 {[%emt 0:02:30]} Nc4 {[%emt 0:07:35]} 18. Qg5 {[%emt 0:04:17]} Qd8 {[%emt 0:06:29]} 19. Qh5 {[%emt 0:02:21]} Qe7 {[%emt 0:07:00]} 20. Qg4 {[%emt 0:11:36]} Bd8 {[%emt 0:06:16]} 21. f4 {[%emt 0:00:58]} Nb2 {[%emt 0:01:41]} 22. Bb5 {[%emt 0:08:37]} h5 {[%emt 0:03:04]} 23. Qf3 {[%emt 0:02:08]} Bb6 {[%emt 0:00:40]} 24. Kh1 {[%emt 0:00:29]} Qb4 {[%emt 0:02:41]} 25. Bf2 {[%emt 0:01:09]} Nc4 {[%emt 0:01:10]} 26. Re2 {[%emt 0:03:54]} Bxb5 {[%emt 0:01:59]} 27. Nxb5 {[%emt 0:01:51]} Bxf2 {[%emt 0:00:32]} 28. Qxf2 {[%emt 0:00:01]} O-O {[%emt 0:00:05]} 29. Qf3 {[%emt 0:01:47]} Ra8 {[%emt 0:00:45]} 30. Nc3 {[%emt 0:05:11]} Rfc8 {[%emt 0:04:19]} 31. Na2 {[%emt 0:04:25]} Qxa4 {[%emt 0:00:33]} 32. g3 {[%emt 0:00:05]} Qb5 {[%emt 0:01:36]} 33. Ree1 {[%emt 0:03:11]} Na3 {[%emt 0:01:39]} 34. Nd4 {[%emt 0:02:13]} Qb2 {[%emt 0:01:19]} 35. c3 {[%emt 0:00:18]} Nc2 {[%emt 0:01:00]} 36. Nxc2 {[%emt 0:03:34]} Rxa2 {[%emt 0:00:59]} 37. Rxa2 {[%emt 0:00:05]} Qxa2 {[%emt 0:00:04]} 38. Qd3 {[%emt 0:01:30]} Qb2 {[%emt 0:00:31]} 39. Re3 {[%emt 0:00:17]} Qb1+ {[%emt 0:00:23]} 40. Re1 {[%emt 0:00:56]} Qb2 {[%emt 0:00:34]} 41. Re3 {[%emt 0:30:14]} Ra8 {[%emt 0:31:12]} 42. Re2 {[%emt 0:02:17]} Ne7 {[%emt 0:01:38]} 43. h3 {[%emt 0:00:00]} Rc8 {[%emt 0:00:00]} 44. Re3 {[%emt 0:00:00]} Nf5 {[%emt 0:00:00]} 45. Rf3 {[%emt 0:00:00]} Rc4 {[%emt 0:00:00]} 46. Kg1 {[%emt 0:00:00]} h4 {[%emt 0:00:00]} 47. g4 {[%emt 0:00:00]} Ng3 {[%emt 0:00:00]} 48. Ne1 {[%emt 0:00:00]} Rxc3 {[%emt 0:00:00]} 49. Qd1 {[%emt 0:00:00]} Rc1 {[%emt 0:00:00]} 50. Rb3 {[%emt 0:00:00]} Rxd1 51. Rxb2 Rxe1+ {[%emt 0:00:00]} 52. Kf2 {[%emt 0:00:00]} Re2+ {[%emt 0:00:00]} 53. Rxe2 {[%emt 0:00:00]} Nxe2 {[%emt 0:00:00]} 54. Kxe2 {[%emt 0:00:00]} b5 {[%emt 0:00:00]} 55. Kd3 {[%emt 0:00:00]} g5 {[%emt 0:00:00]} 56. fxg5 {[%emt 0:00:00]} Kg7 {[%emt 0:00:00]} 57. Kd4 {[%emt 0:00:00]} b4 {[%emt 0:00:00]} 0-1